Estatísticas para Matemática rápida - Adição

Clique aqui para jogar o quiz

Estatísticas Gerais

  • Esse quiz foi jogado 62 393 vezes
  • A pontuação média é 13 de 20

Estatísticas das Respostas

   Problema   Solução% Correto
2 + 24
100%
4 + 1620
98%
2 + 226228
98%
6 + 1723
98%
3 + 424427
98%
5 + 4954
98%
2 + 5355
98%
11 + 585596
98%
4 + 110114
97%
4 + 5458
97%
2 + 130132
96%
7 + 303310
96%
4 + 3135
96%
3 + 376379
96%
3 + 397400
96%
5 + 519524
96%
9 + 580589
96%
8 + 5159
96%
5 + 97102
95%
3 + 120123
95%
2 + 134136
95%
5 + 1015
95%
2 + 166168
95%
1 + 276277
95%
1 + 414415
95%
3 + 444447
95%
14 + 3246
95%
1 + 582583
95%
6 + 6167
95%
4 + 7478
95%
7 + 132139
94%
1 + 171172
94%
1 + 1819
94%
11 + 1122
94%
5 + 223228
94%
5 + 251256
94%
2 + 286288
94%
1 + 2829
94%
9 + 301310
94%
2 + 329331
94%
2 + 345347
94%
10 + 3242
94%
3 + 470473
94%
2 + 527529
94%
2 + 68
94%
5 + 7580
94%
1 + 1314
93%
4 + 136140
93%
3 + 173176
93%
10 + 179189
93%
3 + 215218
93%
4 + 221225
93%
11 + 220231
93%
8 + 230238
93%
11 + 1829
93%
5 + 308313
93%
2 + 324326
93%
5 + 355360
93%
1 + 370371
93%
7 + 370377
93%
1 + 379380
93%
10 + 413423
93%
3 + 452455
93%
2 + 4446
93%
2 + 502504
93%
1 + 530531
93%
14 + 4559
93%
2 + 6668
93%
4 + 6872
93%
2 + 7375
93%
22 + 5577
93%
9 + 8089
93%
4 + 123127
92%
10 + 123133
92%
5 + 144149
92%
8 + 150158
92%
2 + 158160
92%
50 + 110160
92%
3 + 183186
92%
1 + 189190
92%
4 + 190194
92%
6 + 1420
92%
2 + 211213
92%
2 + 2022
92%
1 + 237238
92%
1 + 244245
92%
9 + 2635
92%
3 + 364367
92%
1 + 3637
92%
2 + 376378
92%
10 + 3040
92%
1 + 409410
92%
3 + 417420
92%
4 + 3943
92%
3 + 436439
92%
9 + 453462
92%
1 + 475476
92%
3 + 517520
92%
32 + 500532
92%
7 + 530537
92%
3 + 551554
92%
3 + 562565
92%
1 + 569570
92%
4 + 571575
92%
17 + 5168
92%
8 + 104112
91%
1 + 157158
91%
2 + 1416
91%
3 + 157160
91%
1 + 195196
91%
5 + 1520
91%
4 + 202206
91%
3 + 273276
91%
2 + 276278
91%
34 + 260294
91%
43 + 255298
91%
2 + 300302
91%
6 + 308314
91%
3 + 316319
91%
9 + 330339
91%
1 + 351352
91%
2 + 354356
91%
6 + 360366
91%
2 + 412414
91%
122 + 301423
91%
7 + 430437
91%
6 + 451457
91%
2 + 459461
91%
1 + 465466
91%
16 + 460476
91%
6 + 472478
91%
9 + 470479
91%
10 + 3848
91%
3 + 484487
91%
9 + 480489
91%
1 + 489490
91%
5 + 501506
91%
1 + 523524
91%
5 + 523528
91%
2 + 5153
91%
1 + 536537
91%
1 + 5455
91%
4 + 552556
91%
4 + 5256
91%
5 + 555560
91%
7 + 5966
91%
12 + 6274
91%
11 + 7283
91%
3 + 9598
91%
4 + 120124
90%
30 + 99129
90%
11 + 120131
90%
3 + 128131
90%
1 + 138139
90%
8 + 141149
90%
4 + 153157
90%
10 + 156166
90%
6 + 164170
90%
2 + 176178
90%
10 + 183193
90%
3 + 196199
90%
4 + 198202
90%
5 + 1722
90%
7 + 1724
90%
2 + 241243
90%
11 + 232243
90%
5 + 243248
90%
8 + 243251
90%
2 + 254256
90%
50 + 207257
90%
3 + 2326
90%
11 + 1526
90%
2 + 262264
90%
8 + 264272
90%
3 + 294297
90%
6 + 300306
90%
3 + 2831
90%
6 + 2531
90%
9 + 305314
90%
1 + 321322
90%
1 + 324325
90%
6 + 321327
90%
3 + 331334
90%
1 + 337338
90%
1 + 342343
90%
4 + 341345
90%
10 + 369379
90%
4 + 377381
90%
21 + 361382
90%
2 + 385387
90%
5 + 3540
90%
4 + 403407
90%
6 + 3541
90%
11 + 3142
90%
11 + 415426
90%
1 + 428429
90%
1 + 432433
90%
1 + 439440
90%
15 + 3146
90%
2 + 4648
90%
8 + 4048
90%
2 + 488490
90%
4 + 506510
90%
4 + 515519
90%
2 + 523525
90%
1 + 527528
90%
3 + 526529
90%
8 + 4553
90%
13 + 531544
90%
2 + 543545
90%
7 + 549556
90%
4 + 564568
90%
2 + 579581
90%
2 + 5759
90%
1 + 596597
90%
10 + 5969
90%
28 + 5078
90%
7 + 7279
90%
2 + 8082
90%
1 + 8182
90%
6 + 8490
90%
2 + 8991
90%
13 + 8093
90%
2 + 9597
90%
3 + 9699
90%
20 + 83103
89%
35 + 72107
89%
3 + 110113
89%
1 + 114115
89%
4 + 113117
89%
2 + 119121
89%
2 + 124126
89%
6 + 131137
89%
6 + 132138
89%
8 + 131139
89%
7 + 714
89%
8 + 138146
89%
4 + 148152
89%
3 + 153156
89%
14 + 143157
89%
60 + 100160
89%
63 + 100163
89%
1 + 166167
89%
6 + 165171
89%
15 + 160175
89%
1 + 183184
89%
2 + 203205
89%
4 + 1721
89%
10 + 201211
89%
6 + 205211
89%
4 + 211215
89%
20 + 207227
89%
1 + 230231
89%
2 + 236238
89%
2 + 240242
89%
46 + 200246
89%
1 + 290291
89%
8 + 2230
89%
9 + 292301
89%
2 + 304306
89%
7 + 307314
89%
2 + 316318
89%
1 + 327328
89%
4 + 330334
89%
9 + 340349
89%
7 + 2835
89%
6 + 352358
89%
9 + 350359
89%
2 + 3537
89%
11 + 361372
89%
8 + 370378
89%
8 + 400408
89%
3 + 407410
89%
7 + 408415
89%
12 + 413425
89%
9 + 432441
89%
5 + 441446
89%
10 + 449459
89%
4 + 4246
89%
7 + 4148
89%
1 + 498499
89%
18 + 490508
89%
4 + 514518
89%
5 + 522527
89%
10 + 4454
89%
29 + 520549
89%
57 + 500557
89%
7 + 4956
89%
10 + 562572
89%
1 + 573574
89%
9 + 571580
89%
3 + 5760
89%
1 + 5960
89%
5 + 6267
89%
1 + 67
89%
4 + 7074
89%
19 + 6180
89%
1 + 8687
89%
21 + 6990
89%
11 + 91102
88%
4 + 100104
88%
9 + 98107
88%
53 + 55108
88%
5 + 104109
88%
4 + 711
88%
7 + 112119
88%
1 + 128129
88%
7 + 131138
88%
3 + 1114
88%
7 + 135142
88%
5 + 138143
88%
2 + 142144
88%
1 + 145146
88%
12 + 134146
88%
7 + 141148
88%
10 + 142152
88%
22 + 142164
88%
1 + 179180
88%
10 + 172182
88%
5 + 181186
88%
4 + 182186
88%
77 + 110187
88%
2 + 186188
88%
3 + 185188
88%
5 + 198203
88%
3 + 202205
88%
2 + 207209
88%
8 + 207215
88%
14 + 202216
88%
1 + 218219
88%
2 + 221223
88%
3 + 222225
88%
7 + 221228
88%
28 + 200228
88%
3 + 2023
88%
8 + 222230
88%
1 + 232233
88%
8 + 249257
88%
48 + 210258
88%
10 + 254264
88%
7 + 260267
88%
12 + 270282
88%
44 + 240284
88%
1 + 286287
88%
81 + 208289
88%
2 + 289291
88%
4 + 288292
88%
2 + 297299
88%
1 + 299300
88%
4 + 297301
88%
7 + 302309
88%
4 + 311315
88%
1 + 325326
88%
25 + 302327
88%
2 + 3133
88%
2 + 338340
88%
3 + 345348
88%
8 + 345353
88%
10 + 352362
88%
4 + 362366
88%
2 + 366368
88%
7 + 364371
88%
60 + 312372
88%
6 + 370376
88%
30 + 358388
88%
5 + 383388
88%
4 + 390394
88%
7 + 405412
88%
6 + 414420
88%
6 + 421427
88%
4 + 423427
88%
29 + 400429
88%
8 + 422430
88%
3 + 4144
88%
20 + 421441
88%
1 + 446447
88%
1 + 447448
88%
1 + 456457
88%
13 + 3346
88%
20 + 441461
88%
23 + 450473
88%
3 + 4548
88%
2 + 483485
88%
1 + 491492
88%
5 + 492497
88%
9 + 4150
88%
6 + 505511
88%
22 + 3153
88%
3 + 535538
88%
8 + 533541
88%
1 + 547548
88%
2 + 557559
88%
18 + 3856
88%
6 + 5157
88%
1 + 570571
88%
4 + 570574
88%
3 + 591594
88%
6 + 592598
88%
21 + 4364
88%
20 + 4767
88%
1 + 6768
88%
6 + 6268
88%
3 + 6770
88%
8 + 6573
88%
5 + 6974
88%
8 + 6674
88%
24 + 5175
88%
1 + 7980
88%
23 + 6184
88%
3 + 8386
88%
3 + 8588
88%
5 + 8489
88%
5 + 8994
88%
4 + 9094
88%
5 + 105110
87%
53 + 60113
87%
2 + 113115
87%
9 + 110119
87%
5 + 114119
87%
18 + 103121
87%
4 + 127131
87%
2 + 129131
87%
4 + 133137
87%
3 + 141144
87%
5 + 145150
87%
6 + 152158
87%
11 + 147158
87%
2 + 159161
87%
4 + 163167
87%
3 + 174177
87%
5 + 190195
87%
6 + 192198
87%
5 + 203208
87%
5 + 213218
87%
3 + 218221
87%
10 + 217227
87%
19 + 210229
87%
1 + 229230
87%
5 + 226231
87%
23 + 212235
87%
26 + 222248
87%
2 + 251253
87%
6 + 250256
87%
1 + 266267
87%
2 + 265267
87%
3 + 271274
87%
50 + 225275
87%
5 + 2328
87%
82 + 202284
87%
3 + 281284
87%
5 + 298303
87%
15 + 290305
87%
1 + 309310
87%
10 + 301311
87%
5 + 311316
87%
117 + 200317
87%
6 + 311317
87%
15 + 303318
87%
3 + 321324
87%
4 + 323327
87%
28 + 302330
87%
4 + 328332
87%
23 + 310333
87%
30 + 314344
87%
100 + 246346
87%
1 + 348349
87%
11 + 345356
87%
2 + 382384
87%
20 + 368388
87%
2 + 392394
87%
2 + 394396
87%
16 + 405421
87%
1 + 424425
87%
12 + 3143
87%
8 + 430438
87%
205 + 233438
87%
10 + 431441
87%
40 + 401441
87%
7 + 440447
87%
4 + 453457
87%
8 + 3846
87%
50 + 412462
87%
52 + 411463
87%
2 + 466468
87%
8 + 462470
87%
10 + 467477
87%
5 + 4348
87%
3 + 491494
87%
6 + 4450
87%
17 + 3350
87%
1 + 513514
87%
16 + 512528
87%
1 + 533534
87%
5 + 535540
87%
1 + 553554
87%
10 + 555565
87%
5 + 561566
87%
3 + 573576
87%
6 + 571577
87%
2 + 594596
87%
11 + 5768
87%
22 + 4870
87%
34 + 4175
87%
42 + 4385
87%
22 + 7193
87%
3 + 9093
87%
5 + 9398
87%
51 + 54105
86%
28 + 80108
86%
3 + 117120
86%
12 + 112124
86%
7 + 122129
86%
9 + 122131
86%
8 + 128136
86%
3 + 134137
86%
19 + 120139
86%
31 + 111142
86%
39 + 111150
86%
20 + 130150
86%
15 + 135150
86%
45 + 110155
86%
13 + 144157
86%
51 + 110161
86%
3 + 162165
86%
56 + 110166
86%
9 + 160169
86%
10 + 160170
86%
3 + 168171
86%
12 + 163175
86%
6 + 173179
86%
1 + 181182
86%
85 + 101186
86%
7 + 181188
86%
3 + 205208
86%
8 + 201209
86%
2 + 216218
86%
7 + 215222
86%
25 + 200225
86%
6 + 228234
86%
12 + 224236
86%
6 + 231237
86%
3 + 237240
86%
25 + 220245
86%
11 + 234245
86%
3 + 245248
86%
1 + 254255
86%
3 + 255258
86%
5 + 256261
86%
3 + 263266
86%
5 + 265270
86%
21 + 252273
86%
1 + 273274
86%
41 + 243284
86%
7 + 281288
86%
7 + 294301
86%
1 + 307308
86%
2 + 312314
86%
8 + 334342
86%
10 + 346356
86%
8 + 352360
86%
2 + 362364
86%
55 + 310365
86%
20 + 345365
86%
11 + 356367
86%
6 + 363369
86%
2 + 372374
86%
9 + 379388
86%
10 + 388398
86%
6 + 392398
86%
10 + 395405
86%
9 + 399408
86%
3 + 412415
86%
6 + 409415
86%
13 + 403416
86%
5 + 3742
86%
11 + 3546
86%
1 + 4546
86%
7 + 470477
86%
5 + 491496
86%
2 + 496498
86%
15 + 483498
86%
20 + 480500
86%
5 + 509514
86%
2 + 517519
86%
10 + 513523
86%
5 + 532537
86%
6 + 531537
86%
6 + 532538
86%
1 + 537538
86%
1 + 539540
86%
3 + 544547
86%
9 + 539548
86%
3 + 5255
86%
4 + 555559
86%
27 + 540567
86%
2 + 565567
86%
11 + 574585
86%
6 + 584590
86%
5 + 5964
86%
14 + 5165
86%
8 + 6775
86%
5 + 7479
86%
4 + 8387
86%
7 + 8491
86%
10 + 8797
86%
14 + 8599
86%
3 + 100103
85%
10 + 93103
85%
2 + 105107
85%
4 + 103107
85%
6 + 102108
85%
9 + 101110
85%
2 + 109111
85%
7 + 106113
85%
58 + 58116
85%
2 + 116118
85%
8 + 115123
85%
3 + 123126
85%
1 + 129130
85%
5 + 128133
85%
41 + 104145
85%
8 + 140148
85%
2 + 152154
85%
25 + 150175
85%
4 + 175179
85%
3 + 181184
85%
6 + 182188
85%
5 + 184189
85%
97 + 102199
85%
2 + 205207
85%
6 + 201207
85%
6 + 202208
85%
17 + 210227
85%
31 + 203234
85%
32 + 202234
85%
2 + 245247
85%
4 + 252256
85%
8 + 1826
85%
1 + 260261
85%
1 + 263264
85%
12 + 257269
85%
4 + 267271
85%
4 + 268272
85%
6 + 271277
85%
6 + 278284
85%
4 + 285289
85%
40 + 252292
85%
11 + 287298
85%
4 + 296300
85%
1 + 303304
85%
3 + 2932
85%
11 + 309320
85%
120 + 201321
85%
9 + 313322
85%
14 + 312326
85%
10 + 318328
85%
5 + 325330
85%
5 + 330335
85%
20 + 317337
85%
4 + 335339
85%
3 + 338341
85%
6 + 340346
85%
34 + 323357
85%
12 + 354366
85%
31 + 340371
85%
30 + 341371
85%
13 + 360373
85%
4 + 371375
85%
7 + 387394
85%
1 + 407408
85%
8 + 406414
85%
5 + 409414
85%
5 + 415420
85%
24 + 402426
85%
6 + 425431
85%
3 + 434437
85%
2 + 439441
85%
142 + 302444
85%
46 + 400446
85%
37 + 420457
85%
6 + 452458
85%
4 + 454458
85%
5 + 458463
85%
5 + 464469
85%
2 + 476478
85%
60 + 418478
85%
40 + 439479
85%
5 + 475480
85%
5 + 485490
85%
8 + 483491
85%
6 + 490496
85%
4 + 492496
85%
4 + 496500
85%
3 + 501504
85%
16 + 3551
85%
14 + 505519
85%
10 + 521531
85%
20 + 515535
85%
31 + 514545
85%
7 + 540547
85%
20 + 529549
85%
14 + 4155
85%
10 + 541551
85%
2 + 549551
85%
6 + 549555
85%
3 + 552555
85%
2 + 553555
85%
40 + 522562
85%
144 + 420564
85%
5 + 564569
85%
3 + 570573
85%
16 + 564580
85%
3 + 580583
85%
3 + 593596
85%
1 + 598599
85%
8 + 5563
85%
34 + 3569
85%
1 + 6970
85%
14 + 5670
85%
32 + 4072
85%
8 + 7583
85%
8 + 7987
85%
12 + 7688
85%
1 + 89
85%
40 + 5393
85%
40 + 5999
85%
1 + 105106
84%
3 + 811
84%
7 + 104111
84%
11 + 105116
84%
15 + 103118
84%
14 + 105119
84%
19 + 102121
84%
3 + 119122
84%
32 + 105137
84%
7 + 137144
84%
1 + 147148
84%
3 + 147150
84%
9 + 141150
84%
30 + 125155
84%
9 + 146155
84%
5 + 151156
84%
4 + 166170
84%
5 + 176181
84%
33 + 150183
84%
4 + 189193
84%
3 + 194197
84%
1 + 200201
84%
8 + 195203
84%
4 + 1822
84%
9 + 213222
84%
4 + 224228
84%
30 + 205235
84%
6 + 234240
84%
10 + 232242
84%
7 + 239246
84%
12 + 237249
84%
100 + 155255
84%
40 + 216256
84%
1 + 256257
84%
2 + 2426
84%
5 + 2227
84%
2 + 272274
84%
5 + 275280
84%
40 + 243283
84%
59 + 230289
84%
3 + 308311
84%
11 + 301312
84%
4 + 308312
84%
101 + 221322
84%
8 + 324332
84%
1 + 333334
84%
19 + 331350
84%
7 + 351358
84%
23 + 340363
84%
22 + 344366
84%
24 + 350374
84%
126 + 250376
84%
1 + 381382
84%
6 + 382388
84%
13 + 380393
84%
1 + 397398
84%
8 + 390398
84%
11 + 396407
84%
6 + 406412
84%
90 + 325415
84%
8 + 412420
84%
20 + 401421
84%
17 + 412429
84%
2 + 4143
84%
19 + 2443
84%
40 + 395435
84%
4 + 431435
84%
121 + 320441
84%
4 + 439443
84%
8 + 445453
84%
7 + 451458
84%
17 + 441458
84%
7 + 452459
84%
1 + 469470
84%
22 + 452474
84%
8 + 472480
84%
2 + 479481
84%
71 + 418489
84%
10 + 482492
84%
20 + 472492
84%
4 + 501505
84%
3 + 507510
84%
3 + 508511
84%
11 + 502513
84%
2 + 511513
84%
6 + 509515
84%
17 + 501518
84%
12 + 507519
84%
2 + 531533
84%
15 + 523538
84%
4 + 536540
84%
144 + 400544
84%
2 + 564566
84%
8 + 562570
84%
34 + 544578
84%
7 + 572579
84%
8 + 572580
84%
7 + 576583
84%
5 + 580585
84%
2 + 587589
84%
41 + 554595
84%
18 + 4260
84%
16 + 4460
84%
1 + 8990
84%
9 + 8897
84%
12 + 93105
83%
2 + 115117
83%
2 + 121123
83%
26 + 111137
83%
8 + 145153
83%
21 + 133154
83%
7 + 152159
83%
19 + 141160
83%
24 + 136160
83%
6 + 162168
83%
4 + 169173
83%
63 + 112175
83%
20 + 155175
83%
11 + 167178
83%
2 + 196198
83%
3 + 207210
83%
6 + 215221
83%
1 + 220221
83%
17 + 205222
83%
111 + 124235
83%
5 + 232237
83%
4 + 234238
83%
7 + 231238
83%
51 + 209260
83%
6 + 257263
83%
3 + 267270
83%
9 + 263272
83%
23 + 250273
83%
33 + 244277
83%
21 + 257278
83%
1 + 278279
83%
106 + 174280
83%
3 + 300303
83%
8 + 296304
83%
3 + 309312
83%
9 + 308317
83%
20 + 298318
83%
5 + 317322
83%
103 + 221324
83%
4 + 321325
83%
7 + 2633
83%
13 + 323336
83%
4 + 333337
83%
5 + 2934
83%
39 + 301340
83%
2 + 349351
83%
18 + 340358
83%
21 + 337358
83%
4 + 358362
83%
9 + 361370
83%
101 + 270371
83%
8 + 369377
83%
5 + 377382
83%
8 + 381389
83%
4 + 386390
83%
111 + 287398
83%
9 + 390399
83%
7 + 396403
83%
14 + 394408
83%
50 + 365415
83%
4 + 413417
83%
12 + 405417
83%
7 + 412419
83%
9 + 410419
83%
15 + 405420
83%
5 + 418423
83%
2 + 429431
83%
31 + 409440
83%
100 + 344444
83%
9 + 439448
83%
7 + 444451
83%
5 + 450455
83%
14 + 485499
83%
51 + 451502
83%
8 + 498506
83%
108 + 401509
83%
3 + 515518
83%
9 + 509518
83%
9 + 4352
83%
11 + 4152
83%
11 + 509520
83%
5 + 516521
83%
8 + 519527
83%
231 + 306537
83%
15 + 522537
83%
24 + 522546
83%
8 + 548556
83%
9 + 548557
83%
1 + 562563
83%
54 + 512566
83%
9 + 565574
83%
5 + 573578
83%
1 + 588589
83%
2 + 5961
83%
7 + 5663
83%
21 + 4263
83%
7 + 5764
83%
4 + 6165
83%
6 + 6874
83%
7 + 7784
83%
10 + 7989
83%
8 + 8795
83%
14 + 8195
83%
30 + 6595
83%
14 + 8296
83%
1 + 9697
83%
15 + 85100
82%
1 + 120121
82%
2 + 120122
82%
17 + 107124
82%
20 + 104124
82%
25 + 99124
82%
5 + 119124
82%
7 + 120127
82%
42 + 88130
82%
5 + 131136
82%
33 + 112145
82%
25 + 122147
82%
50 + 106156
82%
9 + 154163
82%
9 + 157166
82%
70 + 107177
82%
6 + 177183
82%
42 + 141183
82%
18 + 170188
82%
16 + 173189
82%
9 + 182191
82%
9 + 188197
82%
6 + 197203
82%
55 + 151206
82%
2 + 206208
82%
9 + 200209
82%
50 + 167217
82%
8 + 219227
82%
3 + 225228
82%
23 + 205228
82%
13 + 225238
82%
7 + 247254
82%
4 + 255259
82%
4 + 257261
82%
11 + 252263
82%
7 + 257264
82%
47 + 220267
82%
60 + 210270
82%
27 + 250277
82%
10 + 267277
82%
80 + 200280
82%
114 + 170284
82%
111 + 181292
82%
13 + 282295
82%
16 + 280296
82%
2 + 302304
82%
4 + 2731
82%
5 + 306311
82%
3 + 311314
82%
11 + 303314
82%
2 + 320322
82%
26 + 311337
82%
1 + 345346
82%
7 + 341348
82%
10 + 2535
82%
6 + 354360
82%
132 + 230362
82%
8 + 2937
82%
7 + 381388
82%
1 + 388389
82%
4 + 388392
82%
40 + 352392
82%
92 + 303395
82%
9 + 388397
82%
91 + 307398
82%
3 + 3740
82%
9 + 393402
82%
10 + 394404
82%
5 + 401406
82%
16 + 2541
82%
6 + 423429
82%
5 + 434439
82%
11 + 428439
82%
31 + 422453
82%
11 + 454465
82%
16 + 452468
82%
12 + 473485
82%
1 + 485486
82%
200 + 290490
82%
13 + 515528
82%
8 + 521529
82%
27 + 502529
82%
8 + 529537
82%
12 + 528540
82%
9 + 531540
82%
2 + 539541
82%
3 + 538541
82%
22 + 521543
82%
8 + 537545
82%
6 + 542548
82%
4 + 545549
82%
9 + 553562
82%
2 + 575577
82%
1 + 579580
82%
12 + 577589
82%
2 + 589591
82%
4 + 587591
82%
8 + 5462
82%
25 + 4166
82%
3 + 7275
82%
3 + 7578
82%
6 + 7884
82%
25 + 7095
82%
15 + 8196
82%
8 + 94102
81%
3 + 101104
81%
7 + 110117
81%
10 + 108118
81%
6 + 121127
81%
28 + 102130
81%
4 + 128132
81%
16 + 121137
81%
12 + 132144
81%
11 + 154165
81%
53 + 114167
81%
30 + 138168
81%
5 + 166171
81%
72 + 101173
81%
6 + 172178
81%
21 + 166187
81%
8 + 188196
81%
4 + 205209
81%
1 + 209210
81%
7 + 206213
81%
9 + 205214
81%
16 + 201217
81%
29 + 190219
81%
9 + 1322
81%
12 + 211223
81%
117 + 117234
81%
9 + 229238
81%
45 + 203248
81%
4 + 244248
81%
11 + 241252
81%
36 + 220256
81%
22 + 243265
81%
8 + 266274
81%
20 + 254274
81%
5 + 272277
81%
8 + 275283
81%
31 + 255286
81%
5 + 283288
81%
3 + 285288
81%
20 + 271291
81%
10 + 283293
81%
67 + 231298
81%
11 + 304315
81%
8 + 314322
81%
24 + 304328
81%
107 + 240347
81%
5 + 350355
81%
3 + 354357
81%
1 + 360361
81%
5 + 362367
81%
10 + 359369
81%
77 + 302379
81%
7 + 3340
81%
80 + 334414
81%
15 + 402417
81%
2 + 417419
81%
2 + 419421
81%
7 + 426433
81%
6 + 430436
81%
32 + 406438
81%
8 + 435443
81%
13 + 430443
81%
2 + 449451
81%
51 + 403454
81%
28 + 428456
81%
13 + 443456
81%
59 + 400459
81%
6 + 455461
81%
32 + 432464
81%
19 + 450469
81%
5 + 470475
81%
66 + 410476
81%
4 + 474478
81%
110 + 368478
81%
11 + 469480
81%
6 + 484490
81%
9 + 489498
81%
6 + 499505
81%
106 + 400506
81%
50 + 464514
81%
12 + 510522
81%
6 + 522528
81%
7 + 522529
81%
6 + 4753
81%
4 + 529533
81%
23 + 516539
81%
11 + 529540
81%
34 + 512546
81%
36 + 511547
81%
201 + 355556
81%
11 + 547558
81%
59 + 500559
81%
6 + 559565
81%
12 + 554566
81%
8 + 561569
81%
161 + 410571
81%
3 + 568571
81%
20 + 567587
81%
3 + 585588
81%
5 + 587592
81%
12 + 5466
81%
26 + 4369
81%
9 + 6574
81%
29 + 4978
81%
7 + 8794
81%
21 + 7798
81%
13 + 87100
80%
19 + 82101
80%
5 + 96101
80%
41 + 69110
80%
9 + 115124
80%
34 + 94128
80%
19 + 122141
80%
14 + 133147
80%
27 + 127154
80%
31 + 123154
80%
40 + 118158
80%
30 + 129159
80%
16 + 150166
80%
30 + 136166
80%
33 + 137170
80%
21 + 152173
80%
67 + 107174
80%
8 + 168176
80%
9 + 173182
80%
40 + 156196
80%
11 + 187198
80%
3 + 198201
80%
7 + 195202
80%
7 + 198205
80%
20 + 188208
80%
20 + 195215
80%
17 + 200217
80%
10 + 207217
80%
50 + 178228
80%
27 + 203230
80%
22 + 213235
80%
8 + 229237
80%
101 + 141242
80%
16 + 233249
80%
9 + 1625
80%
21 + 229250
80%
3 + 254257
80%
6 + 255261
80%
120 + 146266
80%
24 + 245269
80%
6 + 263269
80%
105 + 168273
80%
31 + 242273
80%
5 + 277282
80%
11 + 277288
80%
5 + 288293
80%
14 + 280294
80%
98 + 200298
80%
6 + 292298
80%
3 + 297300
80%
4 + 306310
80%
30 + 280310
80%
1 + 315316
80%
45 + 280325
80%
140 + 190330
80%
17 + 315332
80%
7 + 335342
80%
5 + 340345
80%
6 + 339345
80%
35 + 312347
80%
26 + 332358
80%
6 + 358364
80%
8 + 360368
80%
154 + 214368
80%
2 + 375377
80%
11 + 367378
80%
60 + 324384
80%
8 + 376384
80%
6 + 379385
80%
140 + 246386
80%
33 + 353386
80%
3 + 388391
80%
12 + 393405
80%
10 + 396406
80%
9 + 3342
80%
2 + 418420
80%
30 + 390420
80%
7 + 417424
80%
6 + 447453
80%
24 + 431455
80%
5 + 457462
80%
8 + 456464
80%
22 + 444466
80%
9 + 457466
80%
47 + 421468
80%
31 + 440471
80%
5 + 467472
80%
4 + 481485
80%
24 + 463487
80%
39 + 450489
80%
12 + 480492
80%
8 + 486494
80%
26 + 471497
80%
10 + 491501
80%
24 + 480504
80%
8 + 501509
80%
17 + 493510
80%
7 + 503510
80%
100 + 416516
80%
11 + 506517
80%
16 + 508524
80%
165 + 360525
80%
4 + 523527
80%
19 + 521540
80%
8 + 545553
80%
15 + 540555
80%
56 + 503559
80%
10 + 556566
80%
17 + 550567
80%
35 + 533568
80%
160 + 420580
80%
2 + 582584
80%
8 + 576584
80%
8 + 577585
80%
1 + 584585
80%
50 + 539589
80%
19 + 570589
80%
4 + 594598
80%
14 + 585599
80%
13 + 6073
80%
15 + 6378
80%
14 + 7286
80%
11 + 7586
80%
18 + 7391
80%
21 + 7192
80%
1 + 9394
80%
33 + 72105
79%
11 + 96107
79%
20 + 88108
79%
6 + 108114
79%
12 + 103115
79%
40 + 79119
79%
31 + 90121
79%
8 + 113121
79%
29 + 100129
79%
8 + 123131
79%
9 + 133142
79%
70 + 74144
79%
13 + 132145
79%
7 + 142149
79%
16 + 140156
79%
3 + 156159
79%
7 + 167174
79%
7 + 169176
79%
8 + 186194
79%
7 + 189196
79%
28 + 172200
79%
9 + 192201
79%
15 + 200215
79%
13 + 207220
79%
6 + 219225
79%
6 + 240246
79%
9 + 242251
79%
47 + 204251
79%
10 + 245255
79%
8 + 248256
79%
29 + 229258
79%
46 + 221267
79%
27 + 241268
79%
61 + 209270
79%
9 + 269278
79%
101 + 181282
79%
6 + 283289
79%
12 + 290302
79%
25 + 280305
79%
7 + 315322
79%
9 + 2433
79%
6 + 329335
79%
12 + 327339
79%
9 + 337346
79%
6 + 342348
79%
150 + 203353
79%
13 + 340353
79%
11 + 349360
79%
60 + 302362
79%
132 + 232364
79%
17 + 361378
79%
14 + 364378
79%
5 + 379384
79%
41 + 358399
79%
64 + 341405
79%
9 + 398407
79%
18 + 390408
79%
8 + 425433
79%
7 + 437444
79%
6 + 438444
79%
22 + 423445
79%
58 + 408466
79%
7 + 460467
79%
50 + 419469
79%
13 + 483496
79%
8 + 509517
79%
20 + 498518
79%
6 + 513519
79%
30 + 490520
79%
3 + 525528
79%
30 + 514544
79%
22 + 524546
79%
12 + 547559
79%
19 + 541560
79%
21 + 551572
79%
11 + 565576
79%
172 + 406578
79%
230 + 355585
79%
100 + 485585
79%
12 + 5062
79%
14 + 6579
79%
9 + 7281
79%
11 + 7990
79%
2 + 9193
79%
6 + 95101
78%
16 + 85101
78%
46 + 62108
78%
33 + 82115
78%
13 + 103116
78%
21 + 98119
78%
6 + 115121
78%
19 + 103122
78%
21 + 111132
78%
15 + 121136
78%
5 + 133138
78%
40 + 98138
78%
11 + 128139
78%
17 + 122139
78%
4 + 138142
78%
44 + 108152
78%
41 + 114155
78%
16 + 141157
78%
52 + 110162
78%
13 + 155168
78%
8 + 164172
78%
7 + 165172
78%
20 + 157177
78%
39 + 140179
78%
15 + 172187
78%
14 + 187201
78%
80 + 123203
78%
24 + 181205
78%
9 + 196205
78%
18 + 190208
78%
11 + 207218
78%
41 + 181222
78%
50 + 174224
78%
16 + 213229
78%
18 + 212230
78%
3 + 230233
78%
80 + 155235
78%
19 + 221240
78%
36 + 205241
78%
32 + 209241
78%
7 + 235242
78%
8 + 235243
78%
2 + 246248
78%
33 + 223256
78%
15 + 243258
78%
4 + 276280
78%
60 + 236296
78%
23 + 277300
78%
18 + 288306
78%
12 + 297309
78%
8 + 306314
78%
13 + 302315
78%
7 + 323330
78%
9 + 322331
78%
37 + 302339
78%
3 + 367370
78%
69 + 302371
78%
9 + 362371
78%
30 + 349379
78%
8 + 375383
78%
16 + 370386
78%
3 + 385388
78%
99 + 290389
78%
130 + 262392
78%
21 + 379400
78%
2 + 402404
78%
54 + 353407
78%
3 + 405408
78%
1 + 415416
78%
23 + 404427
78%
25 + 412437
78%
14 + 425439
78%
18 + 422440
78%
12 + 431443
78%
30 + 418448
78%
11 + 439450
78%
7 + 449456
78%
6 + 454460
78%
4 + 464468
78%
104 + 365469
78%
18 + 2947
78%
170 + 307477
78%
7 + 473480
78%
3 + 479482
78%
72 + 412484
78%
4 + 482486
78%
13 + 473486
78%
79 + 410489
78%
7 + 488495
78%
11 + 487498
78%
3 + 499502
78%
1 + 506507
78%
10 + 499509
78%
21 + 499520
78%
80 + 440520
78%
34 + 492526
78%
28 + 505533
78%
5 + 528533
78%
33 + 500533
78%
7 + 532539
78%
14 + 525539
78%
8 + 535543
78%
19 + 530549
78%
4 + 546550
78%
104 + 461565
78%
22 + 545567
78%
52 + 520572
78%
12 + 563575
78%
8 + 567575
78%
20 + 559579
78%
24 + 556580
78%
26 + 555581
78%
4 + 578582
78%
14 + 571585
78%
8 + 581589
78%
10 + 582592
78%
51 + 543594
78%
8 + 589597
78%
13 + 4861
78%
9 + 5665
78%
7 + 6572
78%
1 + 102103
77%
8 + 97105
77%
17 + 95112
77%
7 + 113120
77%
24 + 107131
77%
17 + 117134
77%
9 + 126135
77%
8 + 146154
77%
9 + 164173
77%
66 + 108174
77%
45 + 171216
77%
18 + 200218
77%
8 + 214222
77%
9 + 214223
77%
13 + 232245
77%
17 + 253270
77%
4 + 273277
77%
4 + 287291
77%
63 + 232295
77%
44 + 254298
77%
9 + 291300
77%
14 + 305319
77%
6 + 317323
77%
12 + 317329
77%
16 + 314330
77%
9 + 321330
77%
20 + 311331
77%
72 + 270342
77%
29 + 319348
77%
25 + 325350
77%
51 + 301352
77%
16 + 341357
77%
21 + 341362
77%
61 + 309370
77%
13 + 369382
77%
5 + 382387
77%
50 + 338388
77%
68 + 321389
77%
18 + 372390
77%
20 + 371391
77%
5 + 388393
77%
5 + 398403
77%
97 + 307404
77%
52 + 366418
77%
18 + 400418
77%
22 + 404426
77%
16 + 411427
77%
204 + 225429
77%
19 + 411430
77%
8 + 426434
77%
21 + 415436
77%
70 + 371441
77%
27 + 417444
77%
4 + 447451
77%
9 + 445454
77%
15 + 441456
77%
20 + 443463
77%
29 + 439468
77%
43 + 426469
77%
201 + 276477
77%
41 + 438479
77%
101 + 382483
77%
235 + 252487
77%
9 + 478487
77%
7 + 483490
77%
20 + 473493
77%
84 + 411495
77%
12 + 491503
77%
103 + 402505
77%
16 + 494510
77%
104 + 412516
77%
19 + 3352
77%
7 + 514521
77%
13 + 508521
77%
60 + 471531
77%
33 + 502535
77%
222 + 313535
77%
124 + 420544
77%
210 + 335545
77%
5 + 542547
77%
11 + 537548
77%
42 + 511553
77%
5 + 548553
77%
28 + 531559
77%
154 + 410564
77%
8 + 556564
77%
220 + 345565
77%
9 + 558567
77%
9 + 4857
77%
4 + 569573
77%
21 + 557578
77%
31 + 551582
77%
71 + 512583
77%
42 + 548590
77%
28 + 570598
77%
9 + 589598
77%
26 + 3864
77%
27 + 4572
77%
35 + 4277
77%
31 + 5889
77%
37 + 73110
76%
22 + 102124
76%
13 + 115128
76%
18 + 122140
76%
5 + 147152
76%
12 + 146158
76%
31 + 128159
76%
14 + 148162
76%
8 + 156164
76%
20 + 158178
76%
72 + 121193
76%
54 + 145199
76%
15 + 214229
76%
9 + 224233
76%
5 + 238243
76%
23 + 221244
76%
20 + 227247
76%
39 + 208247
76%
25 + 233258
76%
42 + 217259
76%
52 + 209261
76%
14 + 249263
76%
15 + 253268
76%
14 + 266280
76%
12 + 275287
76%
57 + 240297
76%
50 + 263313
76%
18 + 303321
76%
113 + 217330
76%
39 + 320359
76%
4 + 360364
76%
5 + 374379
76%
8 + 379387
76%
107 + 290397
76%
4 + 399403
76%
35 + 370405
76%
60 + 349409
76%
81 + 330411
76%
9 + 407416
76%
115 + 302417
76%
16 + 402418
76%
21 + 413434
76%
23 + 415438
76%
15 + 423438
76%
122 + 317439
76%
33 + 415448
76%
13 + 436449
76%
9 + 446455
76%
21 + 436457
76%
3 + 460463
76%
59 + 404463
76%
160 + 306466
76%
64 + 403467
76%
26 + 442468
76%
11 + 474485
76%
20 + 468488
76%
236 + 260496
76%
7 + 493500
76%
27 + 473500
76%
9 + 498507
76%
37 + 470507
76%
7 + 504511
76%
112 + 402514
76%
15 + 507522
76%
8 + 517525
76%
35 + 512547
76%
51 + 498549
76%
256 + 300556
76%
115 + 441556
76%
226 + 341567
76%
27 + 541568
76%
14 + 560574
76%
6 + 568574
76%
7 + 567574
76%
13 + 563576
76%
30 + 548578
76%
269 + 310579
76%
70 + 523593
76%
23 + 3861
76%
41 + 5394
76%
20 + 7696
76%
29 + 6796
76%
19 + 7998
76%
7 + 96103
75%
22 + 88110
75%
29 + 91120
75%
14 + 122136
75%
6 + 142148
75%
11 + 138149
75%
28 + 123151
75%
11 + 141152
75%
38 + 115153
75%
35 + 121156
75%
17 + 140157
75%
20 + 138158
75%
4 + 155159
75%
16 + 146162
75%
42 + 122164
75%
66 + 100166
75%
8 + 176184
75%
12 + 177189
75%
39 + 151190
75%
35 + 156191
75%
93 + 98191
75%
61 + 134195
75%
13 + 183196
75%
23 + 174197
75%
46 + 154200
75%
17 + 183200
75%
51 + 152203
75%
11 + 196207
75%
35 + 180215
75%
19 + 199218
75%
23 + 200223
75%
26 + 199225
75%
29 + 203232
75%
109 + 132241
75%
13 + 229242
75%
7 + 236243
75%
15 + 234249
75%
9 + 252261
75%
8 + 256264
75%
13 + 253266
75%
36 + 231267
75%
36 + 235271
75%
25 + 252277
75%
56 + 222278
75%
9 + 276285
75%
15 + 280295
75%
22 + 273295
75%
23 + 281304
75%
150 + 155305
75%
32 + 274306
75%
86 + 220306
75%
103 + 204307
75%
13 + 297310
75%
22 + 292314
75%
17 + 299316
75%
21 + 315336
75%
15 + 322337
75%
28 + 311339
75%
33 + 307340
75%
8 + 337345
75%
4 + 348352
75%
9 + 346355
75%
40 + 325365
75%
47 + 323370
75%
15 + 364379
75%
9 + 372381
75%
22 + 361383
75%
102 + 288390
75%
25 + 372397
75%
6 + 397403
75%
27 + 384411
75%
6 + 408414
75%
28 + 399427
75%
14 + 441455
75%
23 + 434457
75%
30 + 428458
75%
18 + 441459
75%
33 + 446479
75%
6 + 477483
75%
42 + 443485
75%
25 + 463488
75%
103 + 386489
75%
105 + 391496
75%
26 + 472498
75%
14 + 488502
75%
21 + 484505
75%
40 + 474514
75%
26 + 490516
75%
32 + 487519
75%
35 + 490525
75%
9 + 518527
75%
120 + 417537
75%
21 + 524545
75%
41 + 505546
75%
5 + 546551
75%
38 + 521559
75%
17 + 546563
75%
30 + 535565
75%
15 + 551566
75%
24 + 545569
75%
35 + 535570
75%
7 + 565572
75%
7 + 568575
75%
73 + 503576
75%
258 + 320578
75%
162 + 420582
75%
32 + 554586
75%
32 + 567599
75%
19 + 4160
75%
16 + 5369
75%
32 + 5486
75%
6 + 8692
75%
31 + 78109
74%
27 + 88115
74%
64 + 68132
74%
27 + 108135
74%
15 + 141156
74%
5 + 159164
74%
51 + 130181
74%
62 + 123185
74%
30 + 157187
74%
31 + 158189
74%
18 + 172190
74%
16 + 185201
74%
15 + 186201
74%
30 + 177207
74%
32 + 192224
74%
28 + 207235
74%
37 + 199236
74%
38 + 205243
74%
14 + 231245
74%
22 + 225247
74%
33 + 217250
74%
33 + 242275
74%
60 + 228288
74%
9 + 284293
74%
13 + 1932
74%
99 + 232331
74%
10 + 327337
74%
11 + 329340
74%
111 + 229340
74%
43 + 304347
74%
110 + 238348
74%
14 + 345359
74%
106 + 254360
74%
36 + 326362
74%
9 + 359368
74%
45 + 330375
74%
43 + 334377
74%
32 + 345377
74%
43 + 355398
74%
9 + 416425
74%
13 + 418431
74%
27 + 405432
74%
16 + 423439
74%
14 + 434448
74%
13 + 440453
74%
45 + 409454
74%
14 + 454468
74%
42 + 426468
74%
12 + 459471
74%
6 + 465471
74%
8 + 464472
74%
77 + 401478
74%
40 + 448488
74%
102 + 388490
74%
41 + 455496
74%
58 + 440498
74%
69 + 430499
74%
90 + 413503
74%
13 + 493506
74%
9 + 508517
74%
213 + 310523
74%
13 + 548561
74%
59 + 505564
74%
60 + 524584
74%
52 + 532584
74%
6 + 579585
74%
8 + 586594
74%
14 + 581595
74%
44 + 554598
74%
16 + 5672
74%
24 + 77101
73%
18 + 84102
73%
23 + 84107
73%
32 + 77109
73%
39 + 74113
73%
54 + 68122
73%
23 + 106129
73%
22 + 115137
73%
23 + 145168
73%
22 + 149171
73%
72 + 108180
73%
11 + 169180
73%
53 + 134187
73%
50 + 137187
73%
55 + 141196
73%
56 + 142198
73%
83 + 116199
73%
44 + 156200
73%
45 + 155200
73%
13 + 188201
73%
84 + 126210
73%
49 + 162211
73%
50 + 162212
73%
14 + 218232
73%
6 + 229235
73%
25 + 211236
73%
107 + 130237
73%
90 + 159249
73%
19 + 232251
73%
55 + 203258
73%
13 + 247260
73%
9 + 253262
73%
11 + 267278
73%
3 + 277280
73%
19 + 262281
73%
7 + 279286
73%
64 + 223287
73%
14 + 274288
73%
71 + 229300
73%
7 + 293300
73%
21 + 285306
73%
23 + 294317
73%
13 + 316329
73%
14 + 322336
73%
112 + 231343
73%
16 + 334350
73%
33 + 324357
73%
12 + 347359
73%
54 + 310364
73%
17 + 348365
73%
124 + 245369
73%
7 + 376383
73%
14 + 374388
73%
62 + 331393
73%
155 + 241396
73%
139 + 260399
73%
23 + 382405
73%
3 + 404407
73%
24 + 401425
73%
5 + 427432
73%
21 + 416437
73%
8 + 454462
73%
132 + 332464
73%
46 + 421467
73%
110 + 357467
73%
13 + 465478
73%
21 + 459480
73%
36 + 449485
73%
9 + 477486
73%
19 + 476495
73%
22 + 476498
73%
9 + 527536
73%
8 + 528536
73%
42 + 509551
73%
7 + 547554
73%
14 + 541555
73%
25 + 532557
73%
67 + 499566
73%
34 + 535569
73%
18 + 573591
73%
54 + 540594
73%
15 + 583598
73%
17 + 7693
73%
61 + 78139
72%
32 + 119151
72%
14 + 167181
72%
84 + 109193
72%
12 + 195207
72%
19 + 188207
72%
23 + 210233
72%
54 + 180234
72%
19 + 218237
72%
82 + 160242
72%
9 + 234243
72%
35 + 215250
72%
24 + 246270
72%
30 + 244274
72%
34 + 241275
72%
65 + 210275
72%
7 + 269276
72%
8 + 279287
72%
18 + 273291
72%
142 + 151293
72%
7 + 287294
72%
19 + 278297
72%
33 + 264297
72%
26 + 282308
72%
94 + 216310
72%
18 + 318336
72%
15 + 341356
72%
37 + 321358
72%
37 + 330367
72%
55 + 315370
72%
83 + 290373
72%
19 + 356375
72%
151 + 236387
72%
4 + 387391
72%
185 + 210395
72%
80 + 320400
72%
35 + 372407
72%
144 + 265409
72%
16 + 419435
72%
30 + 423453
72%
17 + 437454
72%
53 + 405458
72%
112 + 347459
72%
34 + 428462
72%
51 + 432483
72%
8 + 479487
72%
190 + 303493
72%
60 + 465525
72%
31 + 497528
72%
9 + 525534
72%
9 + 534543
72%
8 + 574582
72%
37 + 552589
72%
101 + 489590
72%
130 + 462592
72%
33 + 565598
72%
23 + 575598
72%
20 + 579599
72%
29 + 5483
72%
8 + 8492
72%
19 + 105124
71%
25 + 139164
71%
13 + 172185
71%
7 + 178185
71%
43 + 144187
71%
52 + 136188
71%
37 + 151188
71%
32 + 158190
71%
41 + 157198
71%
33 + 169202
71%
60 + 145205
71%
31 + 175206
71%
77 + 131208
71%
17 + 191208
71%
21 + 208229
71%
11 + 219230
71%
18 + 237255
71%
54 + 218272
71%
6 + 267273
71%
51 + 224275
71%
36 + 242278
71%
62 + 218280
71%
110 + 183293
71%
13 + 283296
71%
122 + 175297
71%
52 + 249301
71%
83 + 223306
71%
90 + 223313
71%
28 + 290318
71%
116 + 211327
71%
31 + 299330
71%
19 + 314333
71%
134 + 205339
71%
80 + 266346
71%
41 + 319360
71%
105 + 257362
71%
35 + 334369
71%
4 + 368372
71%
74 + 305379
71%
12 + 373385
71%
143 + 244387
71%
48 + 342390
71%
58 + 340398
71%
31 + 369400
71%
104 + 296400
71%
158 + 250408
71%
15 + 393408
71%
18 + 408426
71%
9 + 424433
71%
28 + 409437
71%
36 + 410446
71%
7 + 445452
71%
16 + 437453
71%
121 + 337458
71%
115 + 346461
71%
23 + 443466
71%
103 + 366469
71%
107 + 363470
71%
30 + 466496
71%
36 + 461497
71%
56 + 451507
71%
31 + 479510
71%
46 + 481527
71%
18 + 509527
71%
32 + 498530
71%
118 + 420538
71%
17 + 3855
71%
25 + 533558
71%
22 + 546568
71%
88 + 480568
71%
43 + 531574
71%
143 + 437580
71%
25 + 3863
71%
41 + 78119
70%
14 + 108122
70%
35 + 91126
70%
21 + 115136
70%
29 + 126155
70%
18 + 143161
70%
26 + 153179
70%
9 + 174183
70%
48 + 145193
70%
71 + 124195
70%
21 + 183204
70%
52 + 157209
70%
74 + 140214
70%
7 + 209216
70%
48 + 170218
70%
40 + 195235
70%
17 + 235252
70%
8 + 246254
70%
34 + 228262
70%
26 + 244270
70%
71 + 207278
70%
28 + 251279
70%
78 + 208286
70%
11 + 282293
70%
102 + 192294
70%
24 + 276300
70%
61 + 242303
70%
23 + 290313
70%
129 + 201330
70%
40 + 299339
70%
31 + 328359
70%
32 + 328360
70%
70 + 295365
70%
8 + 358366
70%
49 + 320369
70%
26 + 350376
70%
52 + 326378
70%
186 + 204390
70%
25 + 368393
70%
11 + 383394
70%
13 + 393406
70%
89 + 330419
70%
19 + 402421
70%
127 + 302429
70%
41 + 394435
70%
123 + 315438
70%
106 + 335441
70%
8 + 436444
70%
15 + 429444
70%
31 + 423454
70%
202 + 257459
70%
69 + 404473
70%
108 + 382490
70%
238 + 260498
70%
32 + 468500
70%
46 + 455501
70%
70 + 439509
70%
24 + 499523
70%
105 + 419524
70%
27 + 504531
70%
23 + 513536
70%
55 + 481536
70%
29 + 510539
70%
16 + 526542
70%
113 + 441554
70%
16 + 545561
70%
55 + 509564
70%
42 + 523565
70%
36 + 541577
70%
260 + 323583
70%
270 + 318588
70%
13 + 578591
70%
19 + 574593
70%
90 + 509599
70%
24 + 3862
70%
19 + 6786
70%
26 + 6490
70%
26 + 87113
69%
44 + 73117
69%
49 + 83132
69%
44 + 116160
69%
34 + 147181
69%
29 + 155184
69%
58 + 129187
69%
71 + 130201
69%
23 + 196219
69%
81 + 141222
69%
24 + 199223
69%
27 + 199226
69%
9 + 226235
69%
106 + 139245
69%
27 + 229256
69%
9 + 275284
69%
27 + 262289
69%
9 + 297306
69%
31 + 279310
69%
57 + 253310
69%
65 + 264329
69%
29 + 305334
69%
7 + 328335
69%
22 + 314336
69%
86 + 260346
69%
122 + 229351
69%
50 + 302352
69%
107 + 251358
69%
65 + 295360
69%
46 + 315361
69%
17 + 345362
69%
14 + 348362
69%
41 + 326367
69%
42 + 334376
69%
28 + 352380
69%
23 + 367390
69%
138 + 260398
69%
120 + 287407
69%
33 + 376409
69%
120 + 292412
69%
103 + 314417
69%
14 + 404418
69%
21 + 409430
69%
97 + 340437
69%
17 + 422439
69%
113 + 333446
69%
38 + 431469
69%
228 + 242470
69%
102 + 371473
69%
67 + 406473
69%
73 + 406479
69%
226 + 253479
69%
144 + 335479
69%
47 + 433480
69%
123 + 362485
69%
111 + 394505
69%
44 + 481525
69%
17 + 514531
69%
44 + 508552
69%
14 + 543557
69%
230 + 328558
69%
121 + 440561
69%
7 + 558565
69%
45 + 521566
69%
215 + 355570
69%
19 + 553572
69%
105 + 474579
69%
22 + 559581
69%
111 + 472583
69%
16 + 569585
69%
43 + 543586
69%
102 + 497599
69%
27 + 4976
69%
39 + 67106
68%
16 + 105121
68%
48 + 85133
68%
66 + 97163
68%
19 + 165184
68%
24 + 163187
68%
17 + 174191
68%
32 + 164196
68%
26 + 171197
68%
22 + 178200
68%
62 + 138200
68%
65 + 141206
68%
22 + 187209
68%
63 + 146209
68%
36 + 174210
68%
94 + 126220
68%
91 + 143234
68%
19 + 229248
68%
7 + 242249
68%
35 + 217252
68%
16 + 249265
68%
42 + 225267
68%
29 + 251280
68%
34 + 254288
68%
131 + 174305
68%
28 + 281309
68%
121 + 191312
68%
70 + 243313
68%
75 + 270345
68%
24 + 332356
68%
7 + 355362
68%
43 + 324367
68%
125 + 252377
68%
76 + 306382
68%
57 + 341398
68%
14 + 409423
68%
19 + 419438
68%
26 + 427453
68%
131 + 332463
68%
154 + 312466
68%
214 + 253467
68%
39 + 433472
68%
55 + 419474
68%
95 + 391486
68%
38 + 462500
68%
18 + 3452
68%
25 + 495520
68%
50 + 486536
68%
60 + 477537
68%
170 + 370540
68%
27 + 521548
68%
61 + 490551
68%
205 + 349554
68%
157 + 401558
68%
207 + 361568
68%
62 + 510572
68%
51 + 523574
68%
30 + 559589
68%
110 + 483593
68%
87 + 509596
68%
15 + 4762
68%
18 + 5977
68%
39 + 70109
67%
33 + 87120
67%
14 + 119133
67%
37 + 106143
67%
26 + 133159
67%
7 + 156163
67%
17 + 154171
67%
59 + 114173
67%
35 + 143178
67%
46 + 134180
67%
34 + 163197
67%
42 + 183225
67%
24 + 217241
67%
43 + 216259
67%
125 + 135260
67%
45 + 216261
67%
72 + 196268
67%
69 + 207276
67%
30 + 247277
67%
49 + 229278
67%
47 + 231278
67%
28 + 252280
67%
16 + 266282
67%
52 + 239291
67%
8 + 287295
67%
116 + 182298
67%
22 + 278300
67%
17 + 283300
67%
14 + 293307
67%
91 + 218309
67%
42 + 268310
67%
36 + 281317
67%
43 + 281324
67%
140 + 199339
67%
91 + 248339
67%
54 + 286340
67%
14 + 328342
67%
90 + 259349
67%
29 + 326355
67%
19 + 352371
67%
7 + 366373
67%
104 + 271375
67%
84 + 307391
67%
133 + 260393
67%
63 + 334397
67%
53 + 357410
67%
105 + 313418
67%
62 + 366428
67%
39 + 406445
67%
23 + 432455
67%
101 + 363464
67%
17 + 458475
67%
175 + 304479
67%
90 + 392482
67%
132 + 361493
67%
29 + 472501
67%
72 + 429501
67%
61 + 447508
67%
28 + 482510
67%
35 + 480515
67%
217 + 303520
67%
35 + 499534
67%
151 + 384535
67%
38 + 499537
67%
24 + 518542
67%
17 + 532549
67%
47 + 508555
67%
32 + 529561
67%
57 + 522579
67%
23 + 557580
67%
250 + 335585
67%
203 + 382585
67%
53 + 541594
67%
17 + 6784
67%
16 + 6884
67%
36 + 5894
67%
35 + 68103
66%
25 + 97122
66%
17 + 114131
66%
45 + 89134
66%
43 + 92135
66%
46 + 95141
66%
16 + 133149
66%
28 + 138166
66%
76 + 95171
66%
43 + 136179
66%
58 + 123181
66%
16 + 169185
66%
36 + 149185
66%
15 + 176191
66%
17 + 229246
66%
108 + 142250
66%
37 + 218255
66%
38 + 228266
66%
65 + 225290
66%
92 + 205297
66%
93 + 213306
66%
61 + 246307
66%
33 + 283316
66%
81 + 244325
66%
26 + 309335
66%
145 + 199344
66%
43 + 318361
66%
15 + 358373
66%
174 + 203377
66%
173 + 206379
66%
17 + 372389
66%
72 + 321393
66%
19 + 382401
66%
124 + 282406
66%
117 + 317434
66%
33 + 409442
66%
128 + 331459
66%
19 + 448467
66%
14 + 469483
66%
75 + 408483
66%
17 + 474491
66%
59 + 439498
66%
55 + 446501
66%
26 + 483509
66%
26 + 513539
66%
23 + 544567
66%
168 + 402570
66%
46 + 524570
66%
243 + 330573
66%
221 + 361582
66%
25 + 558583
66%
7 + 586593
66%
63 + 533596
66%
18 + 6583
66%
36 + 94130
65%
49 + 99148
65%
35 + 129164
65%
18 + 154172
65%
58 + 122180
65%
27 + 157184
65%
55 + 160215
65%
67 + 148215
65%
62 + 158220
65%
16 + 217233
65%
51 + 186237
65%
15 + 241256
65%
49 + 214263
65%
36 + 227263
65%
19 + 244263
65%
37 + 233270
65%
96 + 183279
65%
17 + 264281
65%
121 + 162283
65%
136 + 155291
65%
104 + 192296
65%
35 + 265300
65%
82 + 232314
65%
18 + 299317
65%
44 + 281325
65%
44 + 299343
65%
133 + 212345
65%
79 + 272351
65%
97 + 257354
65%
149 + 206355
65%
19 + 346365
65%
25 + 343368
65%
35 + 344379
65%
45 + 338383
65%
141 + 251392
65%
37 + 357394
65%
47 + 351398
65%
72 + 328400
65%
119 + 281400
65%
16 + 388404
65%
153 + 252405
65%
22 + 385407
65%
42 + 381423
65%
75 + 370445
65%
15 + 439454
65%
44 + 419463
65%
89 + 380469
65%
19 + 459478
65%
15 + 472487
65%
92 + 397489
65%
147 + 342489
65%
26 + 468494
65%
8 + 489497
65%
104 + 395499
65%
46 + 454500
65%
52 + 452504
65%
25 + 482507
65%
250 + 270520
65%
114 + 408522
65%
51 + 475526
65%
34 + 496530
65%
58 + 491549
65%
80 + 471551
65%
19 + 533552
65%
228 + 330558
65%
146 + 415561
65%
231 + 355586
65%
14 + 575589
65%
17 + 573590
65%
19 + 5675
65%
46 + 67113
64%
27 + 118145
64%
34 + 117151
64%
78 + 91169
64%
25 + 149174
64%
18 + 191209
64%
81 + 131212
64%
109 + 129238
64%
85 + 155240
64%
18 + 229247
64%
112 + 138250
64%
28 + 225253
64%
38 + 219257
64%
57 + 205262
64%
74 + 196270
64%
34 + 238272
64%
99 + 183282
64%
78 + 218296
64%
66 + 251317
64%
27 + 298325
64%
51 + 284335
64%
115 + 230345
64%
18 + 328346
64%
64 + 290354
64%
39 + 323362
64%
92 + 270362
64%
58 + 307365
64%
48 + 317365
64%
38 + 328366
64%
67 + 299366
64%
5 + 366371
64%
23 + 353376
64%
31 + 357388
64%
156 + 253409
64%
60 + 363423
64%
48 + 392440
64%
13 + 448461
64%
44 + 437481
64%
162 + 323485
64%
57 + 432489
64%
75 + 423498
64%
25 + 478503
64%
24 + 482506
64%
54 + 454508
64%
25 + 487512
64%
150 + 366516
64%
36 + 482518
64%
65 + 460525
64%
123 + 423546
64%
103 + 449552
64%
145 + 408553
64%
115 + 442557
64%
227 + 333560
64%
28 + 544572
64%
28 + 545573
64%
237 + 344581
64%
189 + 399588
64%
66 + 531597
64%
38 + 5694
64%
28 + 84112
63%
38 + 154192
63%
37 + 159196
63%
34 + 167201
63%
95 + 123218
63%
43 + 176219
63%
74 + 154228
63%
56 + 190246
63%
39 + 224263
63%
13 + 268281
63%
15 + 267282
63%
15 + 274289
63%
37 + 255292
63%
52 + 248300
63%
37 + 277314
63%
19 + 305324
63%
34 + 292326
63%
35 + 299334
63%
28 + 324352
63%
131 + 229360
63%
59 + 314373
63%
25 + 348373
63%
133 + 243376
63%
38 + 339377
63%
114 + 266380
63%
39 + 343382
63%
9 + 376385
63%
13 + 388401
63%
46 + 376422
63%
118 + 305423
63%
52 + 372424
63%
38 + 391429
63%
130 + 322452
63%
70 + 388458
63%
98 + 370468
63%
9 + 467476
63%
48 + 436484
63%
45 + 443488
63%
32 + 457489
63%
177 + 320497
63%
35 + 482517
63%
218 + 303521
63%
19 + 513532
63%
25 + 509534
63%
81 + 454535
63%
13 + 524537
63%
43 + 497540
63%
85 + 460545
63%
21 + 525546
63%
234 + 315549
63%
37 + 516553
63%
48 + 507555
63%
26 + 533559
63%
64 + 509573
63%
109 + 469578
63%
136 + 450586
63%
26 + 88114
62%
18 + 126144
62%
57 + 95152
62%
62 + 95157
62%
37 + 137174
62%
27 + 156183
62%
28 + 165193
62%
57 + 142199
62%
49 + 165214
62%
72 + 154226
62%
33 + 198231
62%
55 + 191246
62%
74 + 176250
62%
61 + 192253
62%
18 + 256274
62%
75 + 224299
62%
76 + 226302
62%
160 + 172332
62%
53 + 295348
62%
98 + 252350
62%
36 + 345381
62%
69 + 314383
62%
109 + 277386
62%
74 + 316390
62%
78 + 315393
62%
155 + 243398
62%
26 + 372398
62%
16 + 395411
62%
9 + 436445
62%
180 + 266446
62%
24 + 434458
62%
43 + 419462
62%
80 + 385465
62%
82 + 384466
62%
143 + 342485
62%
19 + 482501
62%
134 + 394528
62%
145 + 409554
62%
36 + 529565
62%
18 + 555573
62%
39 + 539578
62%
261 + 322583
62%
96 + 495591
62%
155 + 441596
62%
48 + 107155
61%
65 + 97162
61%
17 + 169186
61%
59 + 135194
61%
19 + 183202
61%
38 + 179217
61%
41 + 186227
61%
17 + 214231
61%
41 + 194235
61%
55 + 194249
61%
35 + 227262
61%
17 + 248265
61%
109 + 167276
61%
46 + 255301
61%
16 + 296312
61%
55 + 258313
61%
27 + 290317
61%
123 + 196319
61%
27 + 295322
61%
124 + 199323
61%
32 + 293325
61%
62 + 263325
61%
42 + 285327
61%
63 + 270333
61%
17 + 325342
61%
39 + 313352
61%
16 + 338354
61%
38 + 317355
61%
71 + 294365
61%
53 + 318371
61%
91 + 286377
61%
113 + 272385
61%
15 + 378393
61%
51 + 347398
61%
39 + 363402
61%
93 + 316409
61%
24 + 386410
61%
16 + 409425
61%
34 + 395429
61%
55 + 375430
61%
35 + 409444
61%
7 + 439446
61%
25 + 435460
61%
124 + 341465
61%
84 + 386470
61%
59 + 412471
61%
35 + 447482
61%
34 + 457491
61%
33 + 477510
61%
19 + 493512
61%
109 + 406515
61%
50 + 466516
61%
61 + 461522
61%
140 + 392532
61%
258 + 281539
61%
46 + 512558
61%
73 + 487560
61%
75 + 485560
61%
211 + 357568
61%
156 + 415571
61%
164 + 413577
61%
153 + 438591
61%
34 + 5892
61%
27 + 77104
60%
23 + 134157
60%
55 + 109164
60%
19 + 148167
60%
25 + 177202
60%
69 + 134203
60%
36 + 195231
60%
77 + 172249
60%
39 + 213252
60%
38 + 235273
60%
7 + 278285
60%
84 + 242326
60%
19 + 327346
60%
16 + 353369
60%
18 + 354372
60%
29 + 354383
60%
17 + 378395
60%
83 + 319402
60%
28 + 375403
60%
179 + 230409
60%
72 + 370442
60%
209 + 234443
60%
83 + 384467
60%
76 + 395471
60%
15 + 458473
60%
197 + 280477
60%
18 + 459477
60%
36 + 444480
60%
54 + 429483
60%
209 + 296505
60%
217 + 308525
60%
17 + 517534
60%
58 + 478536
60%
39 + 507546
60%
87 + 471558
60%
117 + 443560
60%
36 + 524560
60%
149 + 422571
60%
38 + 543581
60%
235 + 362597
60%
38 + 89127
59%
29 + 119148
59%
39 + 116155
59%
58 + 107165
59%
39 + 132171
59%
86 + 95181
59%
47 + 146193
59%
17 + 179196
59%
57 + 149206
59%
58 + 159217
59%
58 + 161219
59%
34 + 187221
59%
92 + 138230
59%
16 + 215231
59%
87 + 152239
59%
98 + 192290
59%
69 + 234303
59%
41 + 277318
59%
17 + 326343
59%
48 + 298346
59%
160 + 193353
59%
45 + 329374
59%
28 + 348376
59%
18 + 385403
59%
49 + 365414
59%
150 + 268418
59%
12 + 439451
59%
63 + 395458
59%
136 + 326462
59%
65 + 408473
59%
27 + 447474
59%
23 + 466489
59%
16 + 476492
59%
28 + 467495
59%
182 + 317499
59%
137 + 373510
59%
26 + 486512
59%
98 + 442540
59%
72 + 472544
59%
28 + 517545
59%
18 + 529547
59%
107 + 444551
59%
132 + 424556
59%
29 + 549578
59%
69 + 514583
59%
54 + 539593
59%
43 + 79122
58%
64 + 87151
58%
36 + 117153
58%
48 + 135183
58%
64 + 139203
58%
79 + 151230
58%
57 + 177234
58%
107 + 137244
58%
84 + 162246
58%
24 + 249273
58%
25 + 259284
58%
43 + 269312
58%
56 + 273329
58%
58 + 281339
58%
95 + 253348
58%
27 + 327354
58%
15 + 383398
58%
18 + 383401
58%
25 + 388413
58%
58 + 358416
58%
165 + 255420
58%
26 + 395421
58%
109 + 317426
58%
45 + 383428
58%
99 + 333432
58%
121 + 328449
58%
29 + 424453
58%
62 + 396458
58%
121 + 361482
58%
89 + 397486
58%
17 + 472489
58%
148 + 355503
58%
96 + 407503
58%
150 + 354504
58%
74 + 432506
58%
141 + 368509
58%
23 + 488511
58%
86 + 427513
58%
53 + 466519
58%
70 + 457527
58%
82 + 445527
58%
43 + 486529
58%
83 + 447530
58%
60 + 478538
58%
203 + 342545
58%
79 + 472551
58%
53 + 508561
58%
232 + 339571
58%
96 + 482578
58%
77 + 515592
58%
27 + 569596
58%
75 + 126201
57%
16 + 187203
57%
19 + 186205
57%
43 + 168211
57%
39 + 179218
57%
89 + 141230
57%
57 + 196253
57%
86 + 172258
57%
28 + 246274
57%
97 + 183280
57%
32 + 249281
57%
47 + 254301
57%
151 + 167318
57%
151 + 171322
57%
78 + 251329
57%
38 + 298336
57%
83 + 256339
57%
46 + 294340
57%
45 + 295340
57%
119 + 243362
57%
74 + 295369
57%
124 + 248372
57%
108 + 275383
57%
27 + 356383
57%
136 + 255391
57%
19 + 373392
57%
32 + 369401
57%
152 + 254406
57%
17 + 393410
57%
125 + 285410
57%
83 + 342425
57%
74 + 360434
57%
54 + 382436
57%
90 + 358448
57%
18 + 433451
57%
19 + 433452
57%
37 + 437474
57%
29 + 452481
57%
49 + 435484
57%
43 + 449492
57%
93 + 414507
57%
42 + 483525
57%
98 + 431529
57%
81 + 449530
57%
39 + 494533
57%
125 + 409534
57%
122 + 435557
57%
95 + 463558
57%
97 + 472569
57%
33 + 538571
57%
15 + 567582
57%
59 + 78137
56%
49 + 159208
56%
31 + 196227
56%
99 + 136235
56%
70 + 168238
56%
58 + 216274
56%
68 + 209277
56%
124 + 153277
56%
18 + 267285
56%
96 + 221317
56%
87 + 233320
56%
52 + 285337
56%
88 + 256344
56%
134 + 228362
56%
38 + 349387
56%
44 + 348392
56%
24 + 378402
56%
18 + 397415
56%
176 + 253429
56%
47 + 383430
56%
49 + 395444
56%
96 + 352448
56%
28 + 439467
56%
156 + 318474
56%
91 + 385476
56%
68 + 416484
56%
58 + 426484
56%
99 + 393492
56%
171 + 323494
56%
63 + 439502
56%
22 + 497519
56%
63 + 464527
56%
48 + 495543
56%
139 + 413552
56%
227 + 325552
56%
38 + 525563
56%
154 + 414568
56%
17 + 566583
56%
43 + 88131
55%
49 + 137186
55%
42 + 173215
55%
47 + 172219
55%
48 + 228276
55%
74 + 219293
55%
108 + 187295
55%
39 + 258297
55%
29 + 277306
55%
119 + 193312
55%
27 + 299326
55%
45 + 283328
55%
66 + 291357
55%
148 + 212360
55%
153 + 208361
55%
88 + 284372
55%
27 + 359386
55%
94 + 313407
55%
77 + 334411
55%
78 + 334412
55%
61 + 378439
55%
135 + 308443
55%
119 + 342461
55%
29 + 474503
55%
78 + 433511
55%
64 + 466530
55%
95 + 455550
55%
29 + 522551
55%
82 + 472554
55%
183 + 380563
55%
25 + 538563
55%
19 + 547566
55%
84 + 485569
55%
194 + 380574
55%
54 + 129183
54%
26 + 197223
54%
91 + 136227
54%
34 + 197231
54%
28 + 266294
54%
149 + 152301
54%
19 + 287306
54%
54 + 285339
54%
18 + 327345
54%
24 + 349373
54%
34 + 357391
54%
45 + 348393
54%
48 + 347395
54%
97 + 321418
54%
65 + 354419
54%
93 + 332425
54%
134 + 318452
54%
138 + 328466
54%
142 + 327469
54%
204 + 278482
54%
97 + 387484
54%
114 + 387501
54%
15 + 488503
54%
68 + 438506
54%
48 + 459507
54%
147 + 363510
54%
66 + 468534
54%
49 + 493542
54%
18 + 536554
54%
184 + 383567
54%
80 + 494574
54%
125 + 464589
54%
95 + 494589
54%
63 + 528591
54%
29 + 567596
54%
26 + 148174
53%
64 + 171235
53%
67 + 216283
53%
26 + 258284
53%
12 + 289301
53%
126 + 182308
53%
36 + 297333
53%
137 + 199336
53%
117 + 228345
53%
37 + 315352
53%
170 + 182352
53%
176 + 195371
53%
86 + 297383
53%
38 + 357395
53%
44 + 389433
53%
71 + 363434
53%
26 + 418444
53%
152 + 298450
53%
163 + 298461
53%
94 + 383477
53%
53 + 429482
53%
104 + 379483
53%
59 + 426485
53%
34 + 463497
53%
48 + 458506
53%
249 + 258507
53%
175 + 333508
53%
113 + 399512
53%
89 + 424513
53%
199 + 322521
53%
181 + 341522
53%
195 + 331526
53%
45 + 485530
53%
37 + 495532
53%
93 + 444537
53%
149 + 390539
53%
139 + 412551
53%
119 + 434553
53%
61 + 497558
53%
144 + 427571
53%
113 + 458571
53%
242 + 339581
53%
208 + 375583
53%
28 + 563591
53%
74 + 518592
53%
47 + 547594
53%
28 + 569597
53%
126 + 472598
53%
248 + 351599
53%
17 + 146163
52%
66 + 139205
52%
75 + 164239
52%
76 + 166242
52%
66 + 193259
52%
44 + 227271
52%
79 + 224303
52%
54 + 258312
52%
23 + 289312
52%
77 + 236313
52%
82 + 283365
52%
68 + 324392
52%
37 + 369406
52%
32 + 381413
52%
39 + 392431
52%
19 + 414433
52%
91 + 343434
52%
149 + 317466
52%
228 + 243471
52%
67 + 415482
52%
76 + 427503
52%
39 + 467506
52%
167 + 343510
52%
29 + 488517
52%
62 + 463525
52%
242 + 284526
52%
49 + 479528
52%
51 + 485536
52%
85 + 498583
52%
234 + 353587
52%
154 + 439593
52%
75 + 89164
51%
77 + 126203
51%
73 + 138211
51%
64 + 148212
51%
53 + 186239
51%
83 + 178261
51%
95 + 174269
51%
38 + 239277
51%
45 + 239284
51%
55 + 236291
51%
35 + 259294
51%
56 + 248304
51%
44 + 277321
51%
63 + 282345
51%
91 + 264355
51%
68 + 288356
51%
67 + 322389
51%
46 + 359405
51%
134 + 299433
51%
49 + 385434
51%
56 + 391447
51%
57 + 399456
51%
179 + 289468
51%
172 + 337509
51%
92 + 419511
51%
87 + 431518
51%
77 + 444521
51%
244 + 285529
51%
68 + 468536
51%
91 + 449540
51%
174 + 375549
51%
271 + 281552
51%
272 + 288560
51%
259 + 324583
51%
169 + 417586
51%
119 + 473592
51%
58 + 536594
51%
69 + 197266
50%
53 + 239292
50%
58 + 265323
50%
69 + 277346
50%
91 + 257348
50%
36 + 376412
50%
192 + 223415
50%
128 + 289417
50%
47 + 384431
50%
117 + 328445
50%
65 + 398463
50%
177 + 332509
50%
167 + 352519
50%
181 + 342523
50%
196 + 343539
50%
78 + 477555
50%
255 + 309564
50%
192 + 373565
50%
83 + 489572
50%
77 + 497574
50%
115 + 469584
50%
79 + 514593
50%
54 + 79133
49%
47 + 96143
49%
63 + 177240
49%
97 + 186283
49%
59 + 256315
49%
142 + 198340
49%
92 + 249341
49%
53 + 289342
49%
85 + 258343
49%
129 + 217346
49%
55 + 298353
49%
155 + 218373
49%
97 + 277374
49%
58 + 339397
49%
16 + 387403
49%
29 + 375404
49%
198 + 233431
49%
163 + 273436
49%
59 + 389448
49%
81 + 368449
49%
88 + 362450
49%
76 + 385461
49%
169 + 318487
49%
235 + 273508
49%
72 + 439511
49%
47 + 464511
49%
58 + 463521
49%
71 + 452523
49%
81 + 478559
49%
49 + 522571
49%
78 + 517595
49%
59 + 182241
48%
49 + 272321
48%
129 + 194323
48%
57 + 294351
48%
96 + 276372
48%
137 + 269406
48%
37 + 385422
48%
38 + 389427
48%
198 + 232430
48%
67 + 373440
48%
36 + 438474
48%
88 + 388476
48%
183 + 298481
48%
85 + 418503
48%
152 + 362514
48%
99 + 432531
48%
249 + 284533
48%
184 + 350534
48%
67 + 469536
48%
52 + 484536
48%
117 + 438555
48%
86 + 489575
48%
58 + 526584
48%
67 + 519586
48%
49 + 86135
47%
65 + 78143
47%
27 + 178205
47%
29 + 178207
47%
48 + 195243
47%
68 + 183251
47%
128 + 176304
47%
38 + 274312
47%
78 + 244322
47%
149 + 191340
47%
89 + 288377
47%
128 + 254382
47%
16 + 389405
47%
84 + 348432
47%
161 + 271432
47%
140 + 296436
47%
18 + 486504
47%
85 + 441526
47%
127 + 415542
47%
191 + 354545
47%
93 + 136229
46%
73 + 186259
46%
48 + 275323
46%
68 + 268336
46%
59 + 279338
46%
73 + 265338
46%
135 + 239374
46%
36 + 347383
46%
159 + 243402
46%
116 + 294410
46%
82 + 338420
46%
134 + 296430
46%
67 + 365432
46%
87 + 349436
46%
78 + 383461
46%
68 + 394462
46%
129 + 337466
46%
133 + 391524
46%
59 + 472531
46%
48 + 493541
46%
88 + 457545
46%
229 + 344573
46%
89 + 492581
46%
68 + 137205
45%
44 + 179223
45%
79 + 181260
45%
89 + 198287
45%
117 + 186303
45%
47 + 289336
45%
68 + 281349
45%
93 + 269362
45%
118 + 286404
45%
135 + 274409
45%
134 + 277411
45%
29 + 387416
45%
146 + 295441
45%
97 + 366463
45%
216 + 249465
45%
113 + 358471
45%
137 + 335472
45%
18 + 467485
45%
19 + 485504
45%
214 + 298512
45%
173 + 359532
45%
89 + 454543
45%
150 + 394544
45%
76 + 489565
45%
86 + 494580
45%
222 + 359581
45%
65 + 518583
45%
82 + 239321
44%
56 + 339395
44%
75 + 335410
44%
153 + 285438
44%
166 + 278444
44%
163 + 283446
44%
186 + 286472
44%
196 + 280476
44%
95 + 382477
44%
176 + 339515
44%
67 + 468535
44%
67 + 477544
44%
57 + 488545
44%
83 + 469552
44%
71 + 486557
44%
69 + 496565
44%
271 + 297568
44%
92 + 489581
44%
78 + 155233
43%
85 + 183268
43%
118 + 186304
43%
58 + 264322
43%
56 + 285341
43%
37 + 366403
43%
145 + 258403
43%
73 + 339412
43%
147 + 269416
43%
79 + 337416
43%
85 + 342427
43%
43 + 388431
43%
69 + 379448
43%
93 + 368461
43%
85 + 387472
43%
237 + 264501
43%
73 + 468541
43%
99 + 497596
43%
84 + 152236
42%
65 + 266331
42%
143 + 189332
42%
77 + 265342
42%
114 + 269383
42%
66 + 348414
42%
98 + 326424
42%
59 + 365424
42%
66 + 386452
42%
126 + 346472
42%
116 + 389505
42%
74 + 467541
42%
56 + 488544
42%
226 + 319545
42%
248 + 306554
42%
69 + 493562
42%
89 + 475564
42%
167 + 409576
42%
38 + 193231
41%
127 + 179306
41%
39 + 288327
41%
168 + 257425
41%
153 + 287440
41%
54 + 387441
41%
219 + 266485
41%
164 + 349513
41%
193 + 333526
41%
154 + 378532
41%
74 + 459533
41%
163 + 377540
41%
128 + 416544
41%
158 + 167325
40%
79 + 287366
40%
95 + 327422
40%
164 + 267431
40%
197 + 268465
40%
118 + 378496
40%
257 + 292549
40%
67 + 489556
40%
85 + 177262
39%
154 + 167321
39%
166 + 186352
39%
157 + 282439
39%
178 + 296474
39%
47 + 439486
39%
142 + 371513
39%
235 + 279514
39%
135 + 381516
39%
170 + 385555
39%
93 + 462555
39%
129 + 462591
39%
88 + 156244
38%
167 + 192359
38%
165 + 258423
38%
48 + 379427
38%
197 + 244441
38%
95 + 378473
38%
174 + 319493
38%
159 + 373532
38%
84 + 449533
38%
158 + 376534
38%
79 + 456535
38%
88 + 453541
38%
79 + 258337
37%
169 + 282451
37%
169 + 295464
37%
138 + 388526
37%
182 + 354536
37%
166 + 418584
37%
87 + 279366
36%
175 + 229404
36%
155 + 288443
36%
156 + 348504
36%
189 + 356545
36%
147 + 418565
36%
94 + 478572
36%
198 + 368566
35%
88 + 179267
34%
87 + 238325
34%
177 + 239416
34%
182 + 268450
34%
64 + 389453
34%
177 + 374551
34%
188 + 364552
34%
83 + 176259
33%
139 + 394533
33%
84 + 457541
33%
178 + 374552
33%
177 + 376553
33%
168 + 246414
31%
185 + 279464
31%
187 + 289476
31%
248 + 319567
31%
65 + 289354
30%
98 + 479577
30%
139 + 268407
29%
86 + 369455
29%
56 + 187243
27%
78 + 357435
24%

Distribuição das Pontuações

Percentil de Números Respondidos

Porcentagem de Pessoas com Cada Pontuação

Sua Pontuação Histórica

Você não jogou esse quiz